000 00849nam a2200253Ia 4500
999 _c49171
_d49171
001 16082
003 GE_BSU
005 20241209132031.0
008 181216s1998||||ru |||||||||||||| ||rus||
020 _a5756701958
040 _cGE_BSU
041 _arus
080 _a316(042.4) Р-12
100 _aРадаев, В. В.
_923911
245 _aЭкономическая социология :
_bКурс лекции /
_cВ. В. Радаев ; Ред. : А. Г. Гридчина.
264 _aМосква :
_bАспект пресс,
_c1998.
300 _a368 стр.
500 _a(Программа учебного курса)
500 _aБиблиогр. стр. 343
653 _aКурс лекции
653 _aЭкономическая социология
653 _aსოციოლოგია
942 _cBK
_2udc